| 000 | 01045cam a22003017a 4500 | ||
|---|---|---|---|
| 001 | 14783227 | ||
| 003 | EG-ScBUE | ||
| 005 | 20221212111626.0 | ||
| 008 | 070316s2007 gw ae f c 001 0 eng d | ||
| 020 | _a9783938780107 (hd.bd.in sl.cs.) | ||
| 020 | _a393878010X | ||
| 035 | _a(OCoLC)ocm85243016 | ||
| 040 |
_aOHX _beng _erda _cOHX _dCLU _dDLC _dEG-ScBUE |
||
| 043 | _ae------ | ||
| 082 | 0 | 4 |
_222 _a720.94 _bARC |
| 245 | 0 | 0 | _a1000 x European architecture. |
| 246 | 3 | _aOne thousand x European architecture | |
| 250 | _aFirst edition. | ||
| 264 | 1 |
_a[Berlin] : _bVerlagshaus Braun, _c2007. |
|
| 300 |
_a1026 pages : _billustrations (some color), plans ; _c36 cm |
||
| 500 | _aIncludes index. | ||
| 650 | 7 |
_aArchitecture _zEurope _xHistory _y20th century _vCatalogs. _2BUEsh _97977 |
|
| 650 | 7 |
_aArchitecture _zEurope _xHistory _y21st century _vCatalogs. _2BUEsh _97978 |
|
| 653 | _bENGARC | ||
| 655 | _vReading book | ||
| 942 |
_2ddc _cBB |
||
| 999 |
_c12334 _d12334 |
||